| 000 | 00581nam a2200169 a 4500 | ||
|---|---|---|---|
| 001 | 000040802 | ||
| 005 | 20201002034405.0 | ||
| 008 | 130906s2005 sp 000 0 spa d | ||
| 020 | _a9788484891291 | ||
| 100 | 1 |
_aLópez-Baralt, Mercedes _912262 |
|
| 245 | 1 | 0 |
_aPara decir al otro : _bliteratura y antropología en nuestra América / _cMercedes López-Baralt. |
| 260 |
_aMadrid : _bIberoamericana, _c2005. |
||
| 300 |
_a505 p. ; _c24 cm. |
||
| 504 | _aIncluye referencia bibliográficas y notas al pie de las páginas | ||
| 504 | _aBibliografía : p. 481 -505 | ||
| 999 |
_c40292 _d40292 |
||
| 040 | _aDO-SdBNP | ||